000 00554nam a2200181 a 4500
001 001088335
003 AM-YeHGA
005 20250617151441.0
008 150622s1947 ||| r 000 0 rus d
040 _aAM-YeHGA
041 0 _arus
100 1 _aЛавренев, Борис Андреевич
245 1 0 _aРазлом :
_bПьеса в 4-х актах /
_cБ. Лавренев.
260 _aЛенинград :
_bИскусство,
_c1947.
300 _a104 с.
650 1 4 _aРусская литература
_xПьеса
090 _c353447
999 _c351634
_d351634